Imię męskie zakończone na „-usz”. - Statystyki

Ogólne statystyki
  • Ten quiz został rozwiązany 157 razy
  • Średni wynik to 4 z 11
Statystyki odpowiedzi
Hint Odpowiedź % Poprawnych
2. Mateusz
89%
11. Mariusz
70%
8. Janusz
57%
4. Tadeusz
56%
1. Dariusz
54%
10. Klaudiusz
28%
6. Tymoteusz
23%
7. Ireneusz
20%
3. Juliusz
16%
9. Remigiusz
10%
5. Sergiusz
10%
Nie znaleziono quizów pasujących do podanych kryteriów
Rozkład punktacji
Procent ludzi z każdym wynikiem
Percentyl według liczby udzielonych odpowiedzi
Twoja historia wyników
Nie rozwiązałeś tego quizu